000 00321nam a2200133Ia 4500
005 20251222144742.0
008 251222s9999||||xx |||||||||||||| ||spa||
020 _a978-612-46900-0-6
082 _a345.050.26/U15/2015
245 0 _aNuevo Código Procesal Penal:
250 _a1a.ed.
264 _bUbi Lex
942 _cLIB
999 _c19006
_d19006